000 00570nam a2200217Ia 4500
001 2471
005 20240113233542.0
007 ta
008 050226s1978 a g b000 u eng u
040 _aRef.Stack
041 _aeng
082 _a370.905
_bGU
110 _aGauhati University .
245 0 _aAnnual Report 1976 - 77 /
_cGauhati University.
_hReports
260 _aGauhati :
_bGauhati University ,
_c1978.
300 _a439p. :
_bill ;
_c32cm. .
653 _aAnnual Report - Gauhati University
942 _2ddc
_cBK
999 _c2464
_d2464